000 004030000a22001570004500
041 0 _aENG
082 0 4 _aG 253.2 S7358m
245 1 0 _aThe ministry / J. Richard Spann, Editor
260 _aNew York, N.Y., USA : Abingdon-Cokesbury
300 _a208 Pag
001 11931
942 _cBK
999 _c40986
_d40986
336 _atexto
_btxt
_2rdacontent
337 _2rdamedia
_asin mediación
_bn
338 _2rdacarrier
_avolumen
_bnc